| 000 | 00484nam a2200169Ia 4500 | ||
|---|---|---|---|
| 999 |
_c20143 _d20143 |
||
| 003 | OSt | ||
| 005 | 20200706115113.0 | ||
| 008 | 190216s9999||||xx |||||||||||||| ||und|| | ||
| 020 | _a9780192890696 | ||
| 040 | _coclc | ||
| 082 |
_a944.04 _bROB/F |
||
| 100 |
_aRoberts, J M _93383 |
||
| 245 | 4 |
_aThe French Revolution / _cJ M Roberts |
|
| 260 |
_bOxford University Press, _c1978. _aNew York: |
||
| 300 | _a176p | ||
| 942 |
_cBK _2ddc _h944.04 _iROB/F _k944.04 _mROB/F |
||